[Event "FIDE WCC Blitz Women 2019"]
[Site "Moscow"]
[Date "2019.12.29"]
[Round "9.1"]
[White "Lagno, Kateryna"]
[Black "Koneru, Humpy"]
[Result "1-0"]
[WhiteElo "2606"]
[BlackElo "2489"]
[Annotator "ChessBase"]
[PlyCount "117"]
[EventDate "2019.12.29"]
[EventType "swiss"]
[EventCountry "RUS"]
[SourceTitle "playchess.com"]
[Source "ChessBase"]
[SourceQuality "1"]

1. e4 e5 2. Nf3 Nf6 3. Nc3 Nc6 4. Bb5 Nd4 5. O-O Nxb5 6. Nxb5 d6 7. d4 Bd7 8. Nc3 exd4 9. Qxd4 Be7 10. Rd1 O-O 11. e5 dxe5 12. Nxe5 Be6 13. Qe3 Qc8 14. Qg3 Bd6 15. Bg5 Nh5 16. Qf3 Bxe5 17. Qxh5 Bg4 18. Qh4 Bxc3 19. bxc3 Bxd1 20. Rxd1 Qe6 21. h3 h6 22. Be3 Qxa2 23. Rd4 Qe6 24. Rg4 f5 25. Rg3 Kh7 26. Bd4 Rf7 27. Re3 Qd6 28. Be5 Qc6 29. Qh5 Raf8 30. f4 a5 31. Rg3 a4 32. c4 Qe6 33. Kh2 c6 34. Qe2 b6 35. Qd3 Rd7 36. Qc3 Rff7 37. h4 Ra7 38. Qa3 Qxc4 39. h5 b5 40. Qd6 Qd5 41. Qg6+ Kg8 42. Qxh6 Rae7 43. Qg5 Rxe5 44. fxe5 Qxe5 45. h6 Qf6 46. Qf4 Kh7 47. hxg7 Rxg7 48. Rh3+ Kg8 49. Qb8+ Kf7 50. Qc7+ Qe7 51. Qxc6 Qe5+ 52. Kh1 Qe1+ 53. Kh2 Qe5+ 54. Kh1 a3 55. Qd7+ Qe7 56. Qxf5+ Kg8 57. Qd5+ Qf7 58. Qd8+ Qf8 59. Rh8+ 1-0

[Event "FIDE WCC Blitz Women 2019"]
[Site "Moscow"]
[Date "2019.12.29"]
[Round "9.2"]
[White "Kashlinskaya, Alina"]
[Black "Munguntuul, Batkhuyag"]
[Result "1-0"]
[WhiteElo "2282"]
[BlackElo "2282"]
[Annotator "NA"]
[PlyCount "73"]
[EventDate "2019.12.29"]
[EventType "swiss"]
[EventCountry "RUS"]
[SourceTitle "playchess.com"]
[Source "ChessBase"]
[SourceQuality "1"]

1. d4 d5 2. c4 c6 3. cxd5 cxd5 4. Bg5 h6 5. Bh4 Qb6 6. Nc3 e6 7. Qd2 Nc6 8. e3 Be7 9. Bxe7 Ngxe7 10. Bd3 O-O 11. Nf3 Bd7 12. O-O Rfc8 13. Rfc1 Nb4 14. Bf1 Nf5 15. a3 Nc6 16. Na4 Qd8 17. Nc5 Nd6 18. b4 Be8 19. Bd3 b6 20. Nb3 b5 21. Qe2 a5 22. Ne5 axb4 23. Nxc6 Rxc6 24. axb4 Rca6 25. Rxa6 Rxa6 26. h3 Ra4 27. Qd2 Qa8 28. Rc7 Nc4 29. Qe2 Rxb4 30. Nc5 Rb2 31. Qg4 Qa1+ 32. Kh2 Rxf2 33. Nxe6 g6 34. Bxg6 fxg6 35. Nf4 Nxe3 36. Qe6+ Kf8 37. Qe7+ 1-0

[Event "FIDE WCC Blitz Women 2019"]
[Site "Moscow"]
[Date "2019.12.29"]
[Round "9.3"]
[White "Charochkina, Daria"]
[Black "Lei, Tingjie"]
[Result "1-0"]
[WhiteElo "2212"]
[BlackElo "2543"]
[Annotator "TA"]
[PlyCount "139"]
[EventDate "2019.12.29"]
[EventType "swiss"]
[EventCountry "RUS"]
[SourceTitle "playchess.com"]
[Source "ChessBase"]
[SourceQuality "1"]

1. d4 Nf6 2. c4 e6 3. Nc3 d5 4. cxd5 Nxd5 5. e4 Nxc3 6. bxc3 c5 7. Nf3 cxd4 8. cxd4 Bb4+ 9. Bd2 Bxd2+ 10. Qxd2 O-O 11. Rc1 b6 12. Bd3 Bb7 13. O-O Nd7 14. Qe3 Nf6 15. Ne5 Qe7 16. Rfd1 Rac8 17. f3 Qa3 18. Nc4 Qe7 19. Bb1 Ba6 20. Ne5 Bb7 21. Nc4 b5 22. Na5 a6 23. d5 Rxc1 24. Rxc1 exd5 25. e5 Nh5 26. f4 d4 27. Qxd4 Ba8 28. g4 Qh4 29. gxh5 Qg4+ 30. Kf2 Qg2+ 31. Ke3 Qh3+ 32. Kd2 Qxh2+ 33. Kc3 Qxh5 34. Kb2 Qh2+ 35. Ka1 Qe2 36. Qd3 Qxd3 37. Bxd3 h5 38. Bf1 h4 39. Bh3 Rd8 40. Rc3 Kh7 41. Nb3 Rd1+ 42. Kb2 Rg1 43. Re3 Rh1 44. Nd2 Rh2 45. Kc2 Rf2 46. f5 Bc6 47. Kd1 Rh2 48. Ke1 Rh1+ 49. Nf1 g5 50. fxg6+ fxg6 51. e6 g5 52. e7 Kg7 53. Bg2 Bxg2 54. e8=Q Rxf1+ 55. Kd2 Rf7 56. Qe5+ Kg6 57. Qe6+ Rf6 58. Qg8+ Kh5 59. Qh7+ Kg4 60. Qd7+ Kh5 61. Re7 Rh6 62. Qe8+ Kg4 63. Qd7+ Kh5 64. Rh7 Rxh7 65. Qxh7+ Kg4 66. Ke3 Kg3 67. Qc7+ Kh3 68. Kf2 g4 69. Qf4 g3+ 70. Kg1 1-0

[Event "FIDE WCC Blitz Women 2019"]
[Site "Moscow"]
[Date "2019.12.29"]
[Round "9.5"]
[White "Harika, Dronavalli"]
[Black "Tan, Zhongyi"]
[Result "1/2-1/2"]
[WhiteElo "2445"]
[BlackElo "2480"]
[Annotator "ChessBase"]
[PlyCount "76"]
[EventDate "2019.12.29"]
[EventType "swiss"]
[EventCountry "RUS"]
[SourceTitle "playchess.com"]
[Source "ChessBase"]
[SourceQuality "1"]

1. d4 Nf6 2. Nf3 d5 3. c4 e6 4. Nc3 Be7 5. g3 O-O 6. Bg2 dxc4 7. Ne5 Qd6 8. Nxc4 Qa6 9. Qb3 Nc6 10. e3 Rb8 11. O-O b5 12. Ne5 Nxe5 13. dxe5 Nd7 14. Ne4 Nxe5 15. Qc3 Nc4 16. b3 Nb6 17. Bb2 f6 18. Qxc7 Rb7 19. Qc6 Kh8 20. Nc5 Bxc5 21. Qxc5 Rbf7 22. Rfd1 Nd5 23. a4 bxa4 24. Rxa4 Qe2 25. Qc1 Rc7 26. Rc4 Rxc4 27. bxc4 Nb4 28. Qd2 Qxd2 29. Rxd2 a5 30. Ba3 Ba6 31. c5 Rc8 32. c6 h6 33. Rd6 Bc4 34. Rd4 Bd5 35. Bxb4 Bxg2 36. Kxg2 axb4 37. Rd6 b3 38. Rd3 Rxc6 1/2-1/2

[Event "FIDE WCC Blitz Women 2019"]
[Site "Moscow"]
[Date "2019.12.29"]
[Round "9.6"]
[White "Muzychuk, Anna"]
[Black "Gunina, Valentina"]
[Result "1-0"]
[WhiteElo "2504"]
[BlackElo "2366"]
[Annotator "ChessBase"]
[PlyCount "189"]
[EventDate "2019.12.29"]
[EventType "swiss"]
[EventCountry "RUS"]
[SourceTitle "playchess.com"]
[Source "ChessBase"]
[SourceQuality "1"]

1. e4 e5 2. Nf3 Nc6 3. Bb5 Nf6 4. d3 Bc5 5. O-O Nd4 6. Be3 c6 7. Ba4 d6 8. Nxd4 exd4 9. Bg5 h6 10. Bh4 Be6 11. Nd2 g5 12. Bg3 h5 13. f4 Ng4 14. f5 Ne3 15. Qf3 Bd7 16. Rfe1 Qa5 17. Re2 Qxa4 18. e5 h4 19. exd6 O-O-O 20. Be5 Rhg8 21. Ne4 Bb6 22. Bf6 g4 23. Qf4 Nd5 24. Qe5 Nxf6 25. Nxf6 Qb4 26. Nxg8 Rxg8 27. b3 Qc5 28. Rf1 Re8 29. Qxc5 Bxc5 30. Rxe8+ Bxe8 31. Rf4 g3 32. Rxh4 gxh2+ 33. Kxh2 Bxd6+ 34. Kh3 Be5 35. Re4 f6 36. g4 Bd7 37. Kh4 Kc7 38. Kh5 Be8+ 39. Kh6 Kd6 40. g5 fxg5 41. Kxg5 Bf7 42. Re1 a5 43. a4 b6 44. Rf1 Bg7 45. f6 Bf8 46. Rh1 Kd7 47. Rh7 Ke6 48. Rh8 Bc5 49. Rc8 Kd7 50. Rb8 Kc7 51. Rh8 Kd7 52. Kf5 b5 53. Rh7 Ke8 54. Rh8+ Kd7 55. axb5 cxb5 56. Ra8 Bb6 57. Ke5 Bh5 58. Rh8 Bf7 59. Rf8 Bc7+ 60. Kxd4 Ke6 61. Rc8 Bb6+ 62. Ke4 Bg6+ 63. Kf4 Bd4 64. Rc6+ Kf7 65. Ra6 a4 66. bxa4 bxa4 67. Rxa4 Bxf6 68. Ke3 Bg5+ 69. Kd4 Bh4 70. Kd5 Bg3 71. Rg4 Bc7 72. Rc4 Bg3 73. Ra4 Bf5 74. Kd4 Kf6 75. c4 Bf2+ 76. Kc3 Be1+ 77. Kc2 Ke5 78. Ra8 Bg6 79. Rg8 Kf6 80. Kd1 Bc3 81. Ke2 Bh5+ 82. Ke3 Bb2 83. d4 Bc1+ 84. Kd3 Bf7 85. Rg1 Bf4 86. Re1 Bg6+ 87. Kc3 Bc7 88. Re3 Bf4 89. Rf3 Kg5 90. c5 Be4 91. Rf1 Bd5 92. Kb4 Be3 93. Rd1 Kf5 94. Kb5 Ke6 95. Re1 1-0

[Event "FIDE WCC Blitz Women 2019"]
[Site "Moscow"]
[Date "2019.12.29"]
[Round "9.7"]
[White "Abdumalik, Zhansaya"]
[Black "Zhukova, Natalia"]
[Result "1-0"]
[WhiteElo "2415"]
[BlackElo "2239"]
[Annotator "NA"]
[PlyCount "61"]
[EventDate "2019.12.29"]
[EventType "swiss"]
[EventCountry "RUS"]
[SourceTitle "playchess.com"]
[Source "ChessBase"]
[SourceQuality "1"]

1. e4 e5 2. Nf3 Nc6 3. Bb5 g6 4. c3 Bg7 5. d4 exd4 6. cxd4 a6 7. Bxc6 dxc6 8. O-O Bg4 9. Be3 Ne7 10. Nc3 O-O 11. h3 Bxf3 12. Qxf3 Bxd4 13. Rad1 c5 14. b4 b6 15. bxc5 bxc5 16. Ne2 Nc6 17. Bf4 Qe7 18. Nxd4 Nxd4 19. Qe3 Rfe8 20. f3 Rab8 21. Rf2 Rb5 22. Kh2 Reb8 23. Qa3 R8b6 24. Rxd4 Qf6 25. e5 Qf5 26. Rd8+ Kg7 27. Qe3 g5 28. Bxg5 Rg6 29. Bf6+ Rxf6 30. exf6+ Qxf6 31. Rd5 1-0

[Event "FIDE WCC Blitz Women 2019"]
[Site "Moscow"]
[Date "2019.12.29"]
[Round "9.8"]
[White "Bulmaga, Irina"]
[Black "Arabidze, Meri"]
[Result "0-1"]
[WhiteElo "2308"]
[BlackElo "2412"]
[Annotator "NA"]
[PlyCount "106"]
[EventDate "2019.12.29"]
[EventType "swiss"]
[EventCountry "RUS"]
[SourceTitle "playchess.com"]
[Source "ChessBase"]
[SourceQuality "1"]

1. e4 e5 2. d4 exd4 3. Nf3 Nc6 4. Nxd4 Bc5 5. Nxc6 Qf6 6. Qf3 bxc6 7. Nc3 Qxf3 8. gxf3 Ne7 9. Be3 Bb6 10. Rg1 g6 11. Bc4 d6 12. O-O-O Be6 13. Bb3 O-O-O 14. Ne2 Bxb3 15. axb3 f5 16. Bd4 Rhf8 17. Rg2 Rde8 18. c4 Ng8 19. c5 dxc5 20. Be3 fxe4 21. fxe4 Rxe4 22. Nc3 Ree8 23. Kc2 c4 24. Bxb6 cxb3+ 25. Kxb3 axb6 26. Ra1 Nf6 27. Ra4 Nd5 28. Rh4 Re7 29. Kc4 Nxc3 30. bxc3 Ref7 31. Rgg4 Rxf2 32. Rxh7 R2f4+ 33. Rxf4 Rxf4+ 34. Kd3 Rf2 35. h4 Rh2 36. Ke4 Kb7 37. Kf4 b5 38. Rh6 Rg2 39. Kf3 Rc2 40. Rxg6 Rxc3+ 41. Ke2 Rh3 42. Rh6 c5 43. h5 b4 44. Kd2 c6 45. Rh7+ Kb6 46. Rh8 Kb5 47. h6 Kc4 48. h7 Rh2+ 49. Ke3 Kc3 50. Ke4 c4 51. Ke5 b3 52. Kd6 b2 53. Rb8 Rxh7 0-1

[Event "FIDE WCC Blitz Women 2019"]
[Site "Moscow"]
[Date "2019.12.29"]
[Round "9.9"]
[White "Bodnaruk, Anastasia"]
[Black "Socko, Monika"]
[Result "1-0"]
[WhiteElo "2375"]
[BlackElo "2286"]
[Annotator "NA"]
[PlyCount "75"]
[EventDate "2019.12.29"]
[EventType "swiss"]
[EventCountry "RUS"]
[SourceTitle "playchess.com"]
[Source "ChessBase"]
[SourceQuality "1"]

1. e4 c6 2. d4 d5 3. e5 c5 4. dxc5 e6 5. Nf3 Bxc5 6. a3 Ne7 7. Bd3 Ng6 8. b4 Bb6 9. O-O O-O 10. Re1 a5 11. Bb2 axb4 12. axb4 Rxa1 13. Bxa1 Nc6 14. Qd2 Qe7 15. b5 Na5 16. Bd4 Bxd4 17. Nxd4 Nc4 18. Bxc4 dxc4 19. Nc3 Rd8 20. Qe3 Qc5 21. Nf3 Qc7 22. g3 b6 23. h4 Bb7 24. Ng5 Ne7 25. Qf4 Nf5 26. Nge4 h6 27. h5 Ba8 28. g4 Nd4 29. Re3 Nxc2 30. Rg3 Nb4 31. g5 Nd3 32. Qh4 Bxe4 33. gxh6 Qxe5 34. Qxd8+ Kh7 35. Rxg7+ Qxg7+ 36. hxg7 Kxg7 37. Nxe4 Ne5 38. Qf6+ 1-0

[Event "FIDE WCC Blitz Women 2019"]
[Site "Moscow"]
[Date "2019.12.29"]
[Round "9.10"]
[White "Gvetadze, Sofio"]
[Black "Muzychuk, Mariya"]
[Result "1/2-1/2"]
[WhiteElo "2202"]
[BlackElo "2344"]
[Annotator "NA"]
[PlyCount "94"]
[EventDate "2019.12.29"]
[EventType "swiss"]
[EventCountry "RUS"]
[SourceTitle "playchess.com"]
[Source "ChessBase"]
[SourceQuality "1"]

1. Nf3 c5 2. g3 Nc6 3. Bg2 g6 4. O-O Bg7 5. d3 d5 6. Nbd2 e5 7. e4 d4 8. a4 Nge7 9. h3 O-O 10. Nh2 f5 11. exf5 gxf5 12. f4 exf4 13. gxf4 Ng6 14. Nc4 Be6 15. Nf3 Nh4 16. Ng5 Bxc4 17. dxc4 Nxg2 18. Kxg2 Qd6 19. Ra3 h6 20. Nf3 Kh7 21. Kh1 Rg8 22. Rg1 Bf6 23. Bd2 Rxg1+ 24. Nxg1 Rg8 25. Qf3 Qe6 26. Ra1 Qxc4 27. Rc1 Qf7 28. Ne2 c4 29. Ng3 Qd7 30. Rg1 Ne7 31. Kh2 Qc6 32. Qh5 Qd5 33. Bb4 Rg7 34. Bxe7 Bxe7 35. Nxf5 Rxg1 36. Kxg1 Qe6 37. Nxe7 Qxe7 38. Qf5+ Kg7 39. Qd5 Qe3+ 40. Kg2 Qe2+ 41. Kg3 d3 42. Qd7+ Kf6 43. Qd6+ Kf7 44. Qd7+ Qe7 45. Qf5+ Qf6 46. Qd7+ Qe7 47. Qf5+ Qf6 1/2-1/2

[Event "FIDE WCC Blitz Women 2019"]
[Site "Moscow"]
[Date "2019.12.29"]
[Round "9.11"]
[White "Stefanova, Antoaneta"]
[Black "Mammadova, Gulnar"]
[Result "1-0"]
[WhiteElo "2452"]
[BlackElo "2293"]
[Annotator "ChessBase"]
[PlyCount "115"]
[EventDate "2019.12.29"]
[EventType "swiss"]
[EventCountry "RUS"]
[SourceTitle "playchess.com"]
[Source "ChessBase"]
[SourceQuality "1"]

1. d4 g6 2. Nf3 Bg7 3. g3 d6 4. Bg2 f5 5. O-O Nf6 6. c4 c6 7. Nc3 O-O 8. b3 Qe8 9. Bb2 e5 10. dxe5 dxe5 11. e4 f4 12. Qd6 Ng4 13. h3 Nh6 14. Ne2 Nf7 15. Qd2 fxg3 16. fxg3 c5 17. Nc3 Be6 18. Nd5 Bxd5 19. cxd5 Nd6 20. Ng5 Bh6 21. Rxf8+ Qxf8 22. Bxe5 Nd7 23. Bf4 Bxg5 24. Bxg5 Re8 25. Rf1 Qg7 26. Qf4 Nf7 27. Bf6 Nxf6 28. Qxf6 Qxf6 29. Rxf6 Kg7 30. Rf2 Ne5 31. h4 b5 32. Rc2 Rc8 33. Bh3 Rc7 34. d6 Rc6 35. d7 Rd6 36. Rxc5 Rd1+ 37. Kf2 Kf6 38. Rxb5 Nxd7 39. Ke2 Rd6 40. Rb7 Nc5 41. Rxh7 Nxe4 42. Rxa7 Nxg3+ 43. Ke3 Nh5 44. a4 Rc6 45. Bf1 Re6+ 46. Kd4 Re1 47. Bc4 Rd1+ 48. Kc5 Nf4 49. a5 Rc1 50. a6 Ne6+ 51. Kb6 Nd4 52. Rd7 Nf5 53. a7 Ra1 54. Kb7 Nxh4 55. Ba6 Rb1 56. a8=Q Rxb3+ 57. Ka7 Nf5 58. Qd8+ 1-0

[Event "FIDE WCC Blitz Women 2019"]
[Site "Moscow"]
[Date "2019.12.29"]
[Round "9.12"]
[White "Dzagnidze, Nana"]
[Black "Shuvalova, Polina"]
[Result "1-0"]
[WhiteElo "2432"]
[BlackElo "2302"]
[Annotator "TA"]
[PlyCount "145"]
[EventDate "2019.12.29"]
[EventType "swiss"]
[EventCountry "RUS"]
[SourceTitle "playchess.com"]
[Source "ChessBase"]
[SourceQuality "1"]

1. c4 e6 2. Nf3 d5 3. e3 Nf6 4. Nc3 Be7 5. b3 O-O 6. Bb2 c5 7. cxd5 exd5 8. d4 b6 9. Bd3 Bb7 10. O-O Nbd7 11. dxc5 bxc5 12. Ne2 Re8 13. Ng3 Bf8 14. Rc1 Rc8 15. Qc2 c4 16. Bf5 Rc7 17. Rfd1 Qe7 18. Ng5 g6 19. Bxd7 Nxd7 20. Nf3 Rec8 21. Qc3 f6 22. Qa5 Qc5 23. Qd2 Qe7 24. Ne2 Bg7 25. Ned4 Ne5 26. Nxe5 fxe5 27. Nb5 Rc5 28. bxc4 Rxc4 29. Nxa7 Ra8 30. Nb5 Rxc1 31. Rxc1 Qd7 32. Qb4 Bf8 33. Qb3 Rc8 34. Rxc8 Qxc8 35. h3 Qe6 36. Nc7 Qc6 37. Bxe5 Be7 38. Nb5 Kf8 39. Nd4 Qc1+ 40. Kh2 Qc8 41. a4 Qd7 42. a5 Bc5 43. Qc3 Be7 44. Qd3 Qa4 45. Qb5 Qxb5 46. Nxb5 Ke8 47. a6 Bc6 48. a7 Kd7 49. Nc7 Bc5 50. a8=Q Bxa8 51. Nxa8 Kc8 52. Nc7 Kd7 53. Bf4 d4 54. exd4 Bxd4 55. Kg3 Ke7 56. Nd5+ Ke6 57. Ne3 Ba7 58. Kf3 Kf6 59. Ke4 Ke6 60. h4 Bb6 61. g4 Bd8 62. Bg3 Ba5 63. f4 Kf6 64. Nd5+ Kf7 65. f5 gxf5+ 66. Kxf5 Bd2 67. Bf4 Be1 68. h5 Ba5 69. Nf6 Kg7 70. h6+ Kh8 71. Ke6 Bc3 72. Ne4 Kg8 73. Nxc3 1-0

[Event "FIDE WCC Blitz Women 2019"]
[Site "Moscow"]
[Date "2019.12.29"]
[Round "9.13"]
[White "Saduakassova, Dinara"]
[Black "Fataliyeva, Ulviyya"]
[Result "1/2-1/2"]
[WhiteElo "2390"]
[BlackElo "2108"]
[Annotator "TA"]
[PlyCount "164"]
[EventDate "2019.12.29"]
[EventType "swiss"]
[EventCountry "RUS"]
[SourceTitle "playchess.com"]
[Source "ChessBase"]
[SourceQuality "1"]

1. d4 e6 2. c4 f5 3. Nc3 Nf6 4. Qc2 Be7 5. Nf3 d5 6. Bf4 c6 7. e3 Ne4 8. Rc1 O-O 9. Be2 Nd7 10. h3 Qe8 11. Ne5 Bh4 12. g3 Be7 13. Nxd7 Bxd7 14. f3 Nxc3 15. Qxc3 a5 16. Kf2 a4 17. h4 a3 18. b3 Rc8 19. c5 Qf7 20. Kg2 Rfe8 21. Be5 Bd8 22. Qb4 Bc7 23. h5 Bxe5 24. dxe5 Ra8 25. Rh4 Reb8 26. h6 g6 27. Qf4 Qe7 28. Rhh1 Ra5 29. b4 Ra4 30. Bd1 Raa8 31. Bb3 b6 32. Qd4 bxc5 33. Qxc5 Qxc5 34. bxc5 Ra5 35. Rc3 Bc8 36. e4 fxe4 37. fxe4 Rb4 38. exd5 exd5 39. Rf1 Bf5 40. e6 Re4 41. Rf4 Rxe6 42. Rb4 Ra8 43. g4 Be4+ 44. Kg3 Rf8 45. Rb6 Ref6 46. Re3 Rf3+ 47. Rxf3 Rxf3+ 48. Kh4 Rf6 49. Kg5 Re6 50. Ba4 Bd3 51. Bxc6 Bc4 52. Bd7 Re7 53. Be6+ Kf8 54. Kf6 Bxa2 55. c6 Bc4 56. Rb8+ Re8 57. c7 Ba6 58. Bxd5 Bc8 59. Bf7 g5 60. Bxe8 a2 61. Rxc8 a1=Q+ 62. Kxg5 Qe5+ 63. Kh4 Qe1+ 64. Kh5 Qe5+ 65. Kh4 Qh2+ 66. Kg5 Qe5+ 67. Kh4 Qe1+ 68. Kh5 Qe5+ 69. Kh4 Qh2+ 70. Kg5 Qe5+ 71. Kh4 Qe1+ 72. Kh5 Qe5+ 73. Kh4 Qh2+ 74. Kg5 Qe5+ 75. Kh4 Qe1+ 76. Kh5 Qe5+ 77. Kh4 Qe1+ 78. Kh5 Qe5+ 79. Kh4 Qh2+ 80. Kg5 Qe5+ 81. Kh4 Qe1+ 82. Kh5 Qe5+ 1/2-1/2

[Event "FIDE WCC Blitz Women 2019"]
[Site "Moscow"]
[Date "2019.12.29"]
[Round "9.14"]
[White "Batsiashvili, Nino"]
[Black "Sargsyan, Anna"]
[Result "1-0"]
[WhiteElo "2259"]
[BlackElo "1708"]
[Annotator "NA"]
[PlyCount "101"]
[EventDate "2019.12.29"]
[EventType "swiss"]
[EventCountry "RUS"]
[SourceTitle "playchess.com"]
[Source "ChessBase"]
[SourceQuality "1"]

1. c4 c6 2. g3 d5 3. Nf3 Nf6 4. Bg2 Bg4 5. b3 e6 6. Bb2 Nbd7 7. O-O Be7 8. h3 Bh5 9. d3 O-O 10. Nbd2 Ne8 11. e4 f5 12. exd5 exd5 13. cxd5 cxd5 14. b4 Bf6 15. Qb3 Bxb2 16. Qxb2 Nef6 17. Nd4 Re8 18. Nxf5 Be2 19. Rfe1 Bxd3 20. Rxe8+ Qxe8 21. Ne3 Nb6 22. Qd4 Be4 23. Nxe4 dxe4 24. Rd1 Qa4 25. Rd2 Qc6 26. Nf5 Qe6 27. Ne3 h6 28. Kh2 Rf8 29. Qd6 Qf7 30. Re2 Qg6 31. Qc7 Rf7 32. Qb8+ Kh7 33. Qxa7 Nbd7 34. Qd4 Qh5 35. Rd2 Ne5 36. Bxe4+ Kg8 37. Kg2 Rd7 38. Bd5+ Nxd5 39. Nxd5 Nf3 40. Nf6+ gxf6 41. Qxd7 Nxd2 42. Qxd2 Qb5 43. Qf4 Kg7 44. Qd4 Qc6+ 45. Kh2 b6 46. h4 Qc2 47. a4 Qc6 48. a5 bxa5 49. bxa5 Qa6 50. Qb6 Qe2 51. a6 1-0

[Event "FIDE WCC Blitz Women 2019"]
[Site "Moscow"]
[Date "2019.12.29"]
[Round "9.15"]
[White "Ambartsumova, Karina"]
[Black "Paehtz, Elisabeth"]
[Result "0-1"]
[WhiteElo "2254"]
[BlackElo "2380"]
[Annotator "NA"]
[PlyCount "136"]
[EventDate "2019.12.29"]
[EventType "swiss"]
[EventCountry "RUS"]
[SourceTitle "playchess.com"]
[Source "ChessBase"]
[SourceQuality "1"]

1. Nf3 g6 2. g3 Bg7 3. d4 Nf6 4. Bg2 O-O 5. O-O d6 6. b3 c6 7. Bb2 d5 8. c4 Na6 9. Nbd2 Bf5 10. Nh4 Be6 11. e4 dxe4 12. Nxe4 Nxe4 13. Bxe4 Qd7 14. Qd2 Rad8 15. Rad1 Bg4 16. f3 Bh3 17. Ng2 Nc7 18. Rfe1 e5 19. d5 cxd5 20. Bxd5 Nxd5 21. Qxd5 Qc7 22. Qb5 a6 23. Qb4 Qc6 24. Kf2 b5 25. Ne3 Be6 26. Rc1 Qb6 27. c5 Qc6 28. Qc3 f5 29. Ng2 Rd7 30. Rcd1 e4 31. Qc2 Bxb2 32. Rxd7 Bxd7 33. Qxb2 Qxc5+ 34. Ne3 exf3 35. Rd1 Bc6 36. Rc1 Qb6 37. Qe5 Re8 38. Qc5 Qxc5 39. Rxc5 Be4 40. Rc7 Rd8 41. Nf1 Rd6 42. h3 h5 43. Ra7 Rc6 44. Ne3 Rd6 45. Nf1 b4 46. Ke3 Rd3+ 47. Kf4 Rd1 48. Ne3 f2 49. Kg5 f1=Q 50. Nxf1 Rxf1 51. Kf6 Rc1 52. Kxg6 Rc6+ 53. Kxh5 Bb1 54. Kg5 Bxa2 55. Rb7 a5 56. Ra7 Bxb3 57. Rxa5 Bf7 58. Rb5 b3 59. h4 Rg6+ 60. Kxf5 Rxg3 61. Kf6 Rf3+ 62. Kg5 Rf2 63. Kh6 Kf8 64. Rb8+ Ke7 65. h5 b2 66. Rb7+ Kd6 67. Kg5 Ba2 68. h6 b1=Q 0-1

[Event "FIDE WCC Blitz Women 2019"]
[Site "Moscow"]
[Date "2019.12.29"]
[Round "9.16"]
[White "Gevorgyan, Maria"]
[Black "Buksa, Nataliya"]
[Result "1-0"]
[WhiteElo "2244"]
[BlackElo "2356"]
[Annotator "TA"]
[PlyCount "106"]
[EventDate "2019.12.29"]
[EventType "swiss"]
[EventCountry "RUS"]
[SourceTitle "playchess.com"]
[Source "ChessBase"]
[SourceQuality "1"]

1. e4 c5 2. Nc3 Nc6 3. Bb5 Nd4 4. Bc4 a6 5. a4 e6 6. Nge2 Ne7 7. O-O Nec6 8. d3 Be7 9. Ng3 Rb8 10. Be3 b5 11. axb5 axb5 12. Ba2 Nb4 13. Bb1 Nbc6 14. Nce2 Nxe2+ 15. Qxe2 d5 16. Qg4 Bf6 17. Bxc5 Bxb2 18. Ra2 Bf6 19. exd5 Qxd5 20. Ne4 Be5 21. c4 Qd8 22. Bc2 f5 23. Qh5+ g6 24. Qf3 fxe4 25. Qxe4 Bd7 26. d4 Bf6 27. cxb5 Ne7 28. Bd6 O-O 29. Bxb8 Qxb8 30. Bb3 Kf7 31. Re1 Qxb5 32. Bxe6+ Kg7 33. Ra7 Rd8 34. d5 g5 35. d6 Ng6 36. Bc4 Qc5 37. Ra6 Qe5 38. Qb1 Qd4 39. Ba2 Nf4 40. Qb3 Be6 41. Ra7+ Kh6 42. Qc2 Bg8 43. Bb1 Ng6 44. Rd1 Qxa7 45. Qf5 Qd7 46. Qxf6 Rf8 47. Qd4 Bb3 48. Rd3 Qe6 49. Rh3+ Nh4 50. Qc3 Re8 51. Re3 Qd5 52. Re1 Ng6 53. Qf6 Rxe1# 1-0

[Event "FIDE WCC Blitz Women 2019"]
[Site "Moscow"]
[Date "2019.12.29"]
[Round "9.17"]
[White "Girya, Olga"]
[Black "Mkrtchian, Lilit"]
[Result "0-1"]
[WhiteElo "2337"]
[BlackElo "2268"]
[Annotator "NA"]
[PlyCount "100"]
[EventDate "2019.12.29"]
[EventType "swiss"]
[EventCountry "RUS"]
[SourceTitle "playchess.com"]
[Source "ChessBase"]
[SourceQuality "1"]

1. d4 e6 2. c4 b6 3. a3 Bb7 4. Nc3 f5 5. d5 Nf6 6. g3 Na6 7. Bg2 Bd6 8. Nf3 O-O 9. O-O Nc5 10. Nb5 exd5 11. Nxd6 cxd6 12. cxd5 Bxd5 13. Bg5 Nce4 14. Bxf6 Nxf6 15. Nd4 Bxg2 16. Kxg2 Qe7 17. Kg1 Ne4 18. Qd3 Kh8 19. Rac1 Nc5 20. Qd2 a6 21. b4 Ne4 22. Qd3 f4 23. Rc7 fxg3 24. hxg3 d5 25. Kg2 Qd6 26. Rc2 Rae8 27. Nf3 b5 28. Rd1 Nf6 29. Rc5 Re4 30. Ng5 Re7 31. Rh1 h6 32. Nf3 Re4 33. Nh4 Kg8 34. Nf5 Qe6 35. Nd4 Qe5 36. Nf3 Qe6 37. Rd1 Kh8 38. Nd4 Qe5 39. e3 Qe7 40. Rd2 Ng4 41. Rdc2 Ne5 42. Qd1 Nc4 43. Rxd5 Rxe3 44. Rc1 Qe4+ 45. Kg1 Qxd5 46. fxe3 Nxe3 47. Qd2 Qf3 48. Re1 Qxg3+ 49. Kh1 Ng4 50. Nf5 Nf2+ 0-1

[Event "FIDE WCC Blitz Women 2019"]
[Site "Moscow"]
[Date "2019.12.29"]
[Round "9.18"]
[White "Diakonova, Ekaterina"]
[Black "Guichard, Pauline"]
[Result "1/2-1/2"]
[WhiteElo "2090"]
[BlackElo "2335"]
[Annotator "NA"]
[PlyCount "108"]
[EventDate "2019.12.29"]
[EventType "swiss"]
[EventCountry "RUS"]
[SourceTitle "playchess.com"]
[Source "ChessBase"]
[SourceQuality "1"]

1. e4 e5 2. Nf3 Nc6 3. Bb5 Nf6 4. d3 Bc5 5. O-O d6 6. h3 O-O 7. Nc3 Nd4 8. Nxd4 Bxd4 9. Be3 c6 10. Ba4 Bxc3 11. bxc3 d5 12. exd5 cxd5 13. Bc5 Qa5 14. Bxf8 Kxf8 15. Bb3 Qxc3 16. Qe1 Qc7 17. Qb4+ Kg8 18. f4 e4 19. Qd4 exd3 20. cxd3 Bf5 21. g4 Bd7 22. Rac1 Qd6 23. Qc5 Qa6 24. Qd4 Bb5 25. Rfd1 Rd8 26. Rc7 Bc6 27. g5 Nh5 28. Re1 Qa5 29. Rce7 g6 30. Bd1 Ng7 31. Bg4 Qd2 32. Qe3 Qxa2 33. Qe5 d4 34. Re2 Qb1+ 35. Kf2 Qxd3 36. Qf6 Rf8 37. Rc7 Qc4 38. Rd2 Qd5 39. Kg3 d3 40. Qc3 Qh1 41. Qxd3 Re8 42. Qb3 Ne6 43. Bxe6 fxe6 44. Qc3 Qg1+ 45. Kh4 Qe1+ 46. Kg4 Qg1+ 47. Kh4 Qe1+ 48. Kg4 Qg1+ 49. Kh4 Qe1+ 50. Kg4 e5 51. Qb3+ Kh8 52. Qc3 Kg8 53. Rg7+ Kxg7 54. Rd7+ Bxd7+ 1/2-1/2

[Event "FIDE WCC Blitz Women 2019"]
[Site "Moscow"]
[Date "2019.12.29"]
[Round "9.20"]
[White "Solozhenkina, Elizaveta"]
[Black "Galliamova, Alisa"]
[Result "0-1"]
[WhiteElo "2214"]
[BlackElo "2415"]
[Annotator "NA"]
[PlyCount "102"]
[EventDate "2019.12.29"]
[EventType "swiss"]
[EventCountry "RUS"]
[SourceTitle "playchess.com"]
[Source "ChessBase"]
[SourceQuality "1"]

1. Nf3 d5 2. g3 c6 3. Bg2 Bf5 4. O-O e6 5. c4 dxc4 6. Ne5 Qd4 7. Nf3 Qb6 8. Qa4 Qc5 9. b3 cxb3 10. axb3 Nd7 11. Nc3 Qb4 12. e4 Qxa4 13. Rxa4 Bg6 14. d4 Ngf6 15. Re1 Be7 16. Bd2 O-O 17. Nh4 Rfd8 18. Nxg6 hxg6 19. Rea1 a6 20. Be3 e5 21. d5 cxd5 22. exd5 Nc5 23. Rb4 Rac8 24. Ne2 Nxd5 25. Bxd5 Rxd5 26. Rc1 Rdd8 27. Rbc4 Nxb3 28. Rxc8 Nxc1 29. Rxd8+ Bxd8 30. Nxc1 a5 31. Kf1 f5 32. Ke2 Kf7 33. Kd3 Ke6 34. Bc5 b5 35. Nb3 a4 36. Nd2 Kd5 37. Bb4 e4+ 38. Ke2 Bb6 39. f3 exf3+ 40. Kxf3 Bc5 41. Bxc5 Kxc5 42. Ke3 b4 43. Kd3 a3 44. Kc2 Kd4 45. Nf3+ Ke3 46. Ne5 g5 47. Nf7 g4 48. Nd8 g5 49. Ne6 f4 50. Nxg5 f3 51. Kb3 f2 0-1